India modern
| Main Author: | |
|---|---|
| Format: | Book |
| Published: |
Great Britain :
Mitchell Beazley Publishers ,
2005
|
| Subjects: |
MARC
| LEADER | 00000cam a2200000 7i4500 | ||
|---|---|---|---|
| 001 | 0000027041 | ||
| 005 | 20090811.0 | ||
| 008 | 090811 | ||
| 020 | |a 184000780X | ||
| 090 | 0 | 0 | |a 747.0954 |b FRE |
| 100 | 0 | |a Freeman, Michael | |
| 245 | 1 | 0 | |a India modern |c Michael Freeman |
| 260 | |a Great Britain : |b Mitchell Beazley Publishers , |c 2005 | ||
| 650 | 0 | |a Interior architecture |z India | |
| 650 | 0 | |a Interior decoration |z India | |
| 999 | |a 0001058720 |b Book |c Adult Collection |e Perbadanan Perpustakaan Awam Johor | ||